Miasta w Polsce według podpowiedzi - wersja łatwa - Statystyki

Ogólne statystyki
  • Ten quiz został rozwiązany 97 razy
  • Średni wynik to 9 z 15
Statystyki odpowiedzi
Podpowiedź Miasto % Poprawnych
Pierwsza stolica Polski Gniezno
96%
Zostało bardzo dokładnie odbudowane po II wojnie światowej Warszawa
94%
Zimowa stolica Polski Zakopane
81%
Znane z zamku krzyżackiego Malbork
76%
Akcja serialu "Ojciec Mateusz" dzieje się w tym mieście Sandomierz
74%
Urodził się tam Jan Paweł II Wadowice
73%
Siedziba wojewody lubuskiego Gorzów Wielkopolski
67%
Miasto znane z dużej ilości mostów Wrocław
59%
Największe miasto niebędące stolicą województwa Gdynia
57%
Podzielony między Polskę a Czechy przez rzekę Olzę Cieszyn
52%
Jednym z jego symboli był niedokończony przez wiele lat wieżowiec Kraków
38%
W 2023 roku otwarto tam długo wyczekiwany tunel łączący dwie części miasta Świnoujście
36%
Niemcy dokonali tam prowokacji 31 sierpnia 1939 roku Gliwice
27%
Jest tam Pomnik Czynu Rewolucyjnego w kontrowersyjnym kształcie Rzeszów
23%
Miejsce ogłoszenia Manifestu PKWN Chełm
17%
Nie znaleziono quizów pasujących do podanych kryteriów
Rozkład punktacji
Procent ludzi z każdym wynikiem
Percentyl według liczby udzielonych odpowiedzi
Twoja historia wyników
Nie rozwiązałeś tego quizu